[Event "LSS ZH-2009-0-00336"]
[Site "LSS email"]
[Date "2009.10.07"]
[Round "?"]
[White "Kele, Karoly"]
[Black "Sergin, Alexander"]
[Result "1-0"]
[WhiteElo "2136"]
[BlackElo "800"]
[PlyCount "45"]
[EventDate "2009.10.01"]
[EventType "match (corr)"]
[EventRounds "2"]
[EventCountry "GER"]
[SourceTitle "Telechess CBM 137"]
[Source "ChessBase"]
[SourceDate "2010.07.15"]
[SourceVersion "1"]
[SourceVersionDate "2010.07.15"]
[SourceQuality "1"]

1. e4 c5 2. Nf3 d6 3. d4 cxd4 4. Nxd4 Nf6 5. Nc3 a6 6. Be3 e5 7. Nb3 Be6 8. Qd2 Nbd7 9. f3 h5 10. a4 Be7 11. a5 Rc8 12. Nd5 Nxd5 13. exd5 Bf5 14. Bd3 Bxd3 15. Qxd3 Bh4+ 16. g3 Bg5 17. Bf2 h4 18. Rf1 hxg3 19. hxg3 Qc7 20. c3 Rh2 21. Nd2 Nc5 22. Qc2 Kf8 23. Ne4 1-0

[Event "LSS ZH-2009-0-00336"]
[Site "LSS email"]
[Date "2009.10.07"]
[Round "?"]
[White "Sergin, Alexander"]
[Black "Kele, Karoly"]
[Result "0-1"]
[WhiteElo "800"]
[BlackElo "2136"]
[PlyCount "40"]
[EventDate "2009.10.01"]
[EventType "match (corr)"]
[EventRounds "2"]
[EventCountry "GER"]
[SourceTitle "Telechess CBM 137"]
[Source "ChessBase"]
[SourceDate "2010.07.15"]
[SourceVersion "1"]
[SourceVersionDate "2010.07.15"]
[SourceQuality "1"]

1. e4 c5 2. Nf3 d6 3. d4 cxd4 4. Nxd4 Nf6 5. Nc3 e6 6. g4 h6 7. h4 Be7 8. Qf3 Nc6 9. Nxc6 bxc6 10. g5 Nd7 11. gxh6 gxh6 12. Bd2 Bxh4 13. 0-0-0 Ne5 14. Qg2 Be7 15. f4 Ng6 16. Bd3 e5 17. f5 Nh4 18. Qg3 Bg5 19. Kb1 Rb8 20. Be1 Qe7 0-1

[Event "LSS OP-2009-0-00960"]
[Site "LSS email"]
[Date "2009.10.06"]
[Round "?"]
[White "Fier, Alexandr"]
[Black "Sergin, Alexander"]
[Result "0-1"]
[WhiteElo "2644"]
[BlackElo "800"]
[PlyCount "30"]
[EventDate "2009.10.02"]
[EventType "tourn (corr)"]
[EventRounds "4"]
[EventCountry "GER"]
[SourceTitle "Corr 2015"]
[Source "ChessBase"]
[SourceDate "2015.07.17"]
[SourceVersion "1"]
[SourceVersionDate "2015.07.17"]
[SourceQuality "1"]

1. e4 c5 2. Nf3 d6 3. d4 cxd4 4. Nxd4 Nf6 5. Nc3 a6 6. Bg5 e6 7. f4 Qb6 8. Qd2 Qxb2 9. Rb1 Qa3 10. e5 h6 11. Bh4 dxe5 12. fxe5 Nd5 13. Nxd5 exd5 14. e6 Bxe6 15. Nxe6 fxe6 0-1

[Event "LSS OP-2009-0-00960"]
[Site "LSS email"]
[Date "2009.10.06"]
[Round "?"]
[White "Sergin, Alexander"]
[Black "Jovanovic, Bratislav"]
[Result "1/2-1/2"]
[WhiteElo "2000"]
[BlackElo "2059"]
[PlyCount "38"]
[EventDate "2009.10.02"]
[EventType "tourn (corr)"]
[EventRounds "4"]
[EventCountry "GER"]
[SourceTitle "Telechess CBM 137"]
[Source "ChessBase"]
[SourceDate "2010.07.15"]
[SourceVersion "1"]
[SourceVersionDate "2010.07.15"]
[SourceQuality "1"]

1. e4 e6 2. d4 d5 3. Nc3 Bb4 4. e5 c5 5. a3 Bxc3+ 6. bxc3 Ne7 7. Qg4 0-0 8. Bd3 Nbc6 9. Qh5 Ng6 10. Nf3 Qc7 11. Be3 c4 12. Bxg6 fxg6 13. Qg4 Qf7 14. Ng5 Qe8 15. h4 h6 16. Nh3 Ne7 17. a4 Bd7 18. Nf4 Qf7 19. Bc1 Qf5 1/2-1/2

[Event "LSS OP-2009-0-00939"]
[Site "LSS email"]
[Date "2009.09.13"]
[Round "?"]
[White "Sergin, Alexander"]
[Black "Neil, Charles"]
[Result "1-0"]
[WhiteElo "2000"]
[BlackElo "599"]
[PlyCount "35"]
[EventDate "2009.09.07"]
[EventType "tourn (corr)"]
[EventRounds "4"]
[EventCountry "GER"]
[SourceTitle "Telechess CBM 137"]
[Source "ChessBase"]
[SourceDate "2010.07.15"]
[SourceVersion "1"]
[SourceVersionDate "2010.07.15"]
[SourceQuality "1"]

1. e4 c5 2. Nf3 Nc6 3. d4 cxd4 4. Nxd4 Nf6 5. Nc3 e6 6. Nxc6 bxc6 7. e5 Ng8 8. Bd3 Bb4 9. Qg4 Bxc3+ 10. bxc3 Kf8 11. Ba3+ Ne7 12. 0-0 h5 13. Qg5 a5 14. Rab1 Rh6 15. Rfe1 Ba6 16. Bxa6 Rxa6 17. Qxe7+ Qxe7 18. Rb8# 1-0